000 00629nam a2200181Ia 4500
003 GCL
008 140319s9999 xx 000 0 ara d
040 _aGCL /
_cGCL
082 0 4 _a372.216
_bو د
100 1 _aوزارة الشئون الاجتماعيةوالعمل
245 1 0 _aدليل المربية فى دور الحضانة ورياض الاطفال /
_cوزارة الشئون الاجتماعيةوالعمل
300 _a376 ص
490 _aالهيئة العامة للاستعلامات
_v0
650 0 4 _aالاطفال
650 0 4 _aرياض الاطفال
650 0 4 _aالمدرسون
942 _2ddc
_cBK
999 _c50988
_d50988